|
|
|
|
| LEADER |
00821nab a2200229 i 4500 |
| 001 |
publ36361 |
| 005 |
20250327140741.0 |
| 008 |
250327s2016 hu o 000 eng d |
| 022 |
|
|
|a 1453-1410
|
| 024 |
7 |
|
|a 3070444
|2 mtmt
|
| 040 |
|
|
|a SZTE Publicatio Repozitórium
|b hun
|
| 041 |
|
|
|a eng
|
| 100 |
1 |
|
|a Jakab Péter
|
| 245 |
1 |
0 |
|a Study of foliar fertilization on the yield, chemical composition and nutrient value of corn
|h [elektronikus dokumentum] /
|c Jakab Péter
|
| 260 |
|
|
|c 2016
|
| 300 |
|
|
|a 123-126
|
| 490 |
0 |
|
|a LUCRARI STIINTIFICE MANAGEMENT AGRICOL
|v 18 No. 1
|
| 650 |
|
4 |
|a Állattenyésztési és tejtermelési tudomány
|
| 700 |
0 |
2 |
|a Szűcsné Péter Judit
|e aut
|
| 700 |
0 |
2 |
|a Süli Ágnes
|e aut
|
| 700 |
0 |
2 |
|a Benk Ákos
|e aut
|
| 856 |
4 |
0 |
|u http://publicatio.bibl.u-szeged.hu/36361/1/916-2903-1-PB.pdf
|z Dokumentum-elérés
|